Zlato ako alternatívny spôsob investovania bakalárska práca

Na minha lista:
Detalhes bibliográficos
Autor principal: Valach, Samuel
Autor Corporativo: Fakulta podnikového manažmentu EU. Katedra podnikových financií
Outros Autores: Badura, Peter, 1978-
Formato: Livro
Idioma:eslovaco
Publicado em: Bratislava 2022
Tags: Adicionar Tag
Sem tags, seja o primeiro a adicionar uma tag!

MARC

LEADER 00000nbm a2200000 4500
001 0285340
005 20230223105803.4
041 0 |a slo 
044 |a SK 
245 1 0 |a Zlato ako alternatívny spôsob investovania  |b bakalárska práca  |c Samuel Valach ; školiteľ: Peter Badura 
264 1 |a Bratislava  |c 2022 
300 |a 52 s. 
100 1 |a Valach, Samuel 
700 1 |a Badura, Peter, 1978- 
710 2 |a Fakulta podnikového manažmentu EU. Katedra podnikových financií